The Cure Songs - Sudden Death - Statistics

General Stats
  • This quiz has been taken 140 times
  • The average score is 9 of 15
Answers on the Grid
Answers color-coded by a green-red scale on the quiz's grid according to % correct below.
Wish
Boy's Don't Cry
Lips Like Sugar
Close To Me
Primary
Bizarre Love Triangle
Just Like Heaven
Blue Monday
Head Over Heels
A Strange Day
Jumping Someone Else's Train
Let's Go To Bed
Enjoy The Silence
Fall Into You
Lullaby
A Forest
The Lovecats
Darkness
Roam
White Wedding
In Between Days
Pale Shelter
Asleep
Lovesong
Some Great Reward
High
Pictures of You
Here Comes Your Man
Friday I'm In Love
Disorder
 
Answer Stats
Answer % Correct
Boy's Don't Cry
94%
Friday I'm In Love
82%
Just Like Heaven
80%
In Between Days
71%
Lovesong
71%
A Forest
70%
Close To Me
70%
Lullaby
70%
The Lovecats
70%
Pictures of You
66%
Let's Go To Bed
49%
Jumping Someone Else's Train
42%
A Strange Day
31%
Primary
31%
High
30%
No matching quizzes found
Score Distribution
Percent of People with Each Score
Percentile by Number Answered
Your Score History
You have not taken this quiz